MDQL
is popping MORE tags! Check the
thread
!
Quizzes
Events
Quiz Creation
Community
Videos
Private Events
Remove Ads
Sign In
Join for FREE
Feedback
Dark Mode
Quiz Categories
Sports
Geography
Music
Movies
Television
Just For Fun
Miscellaneous
History
Literature
Language
Science
Gaming
Entertainment
Religion
Holiday
For Kids
Quiz Lab
Recent
Popular Today
Quiz Kudos Today
Editor Picks
Curator Picks
Quizzes by...
Day
Popularity
Type
Ratings
Length
Year
Community
Subscriptions
Recent Discussions
Orange Saloon
Badges
Playlists
Quests
Create
Leaderboards
Showdown
Live 5
Trivia Bingo
Activity
Puzzle Library
Sporcle Events
Private Events
Virtual Trivia
Globe League
Become a Host
Pub Owners
SporcleCon
Opinionation
Our Games
Videos
Blog
Mobile Apps
Partnerships
Remove Ads and Go Orange
Feedback
Music
Pop Music
The Beatles
Song
Album
Lyrics
Bands
Singers
Artist
Clip
Rock
Rap
Classical
Billboard
Country Music
Kpop
Taylor Swift
Music
Pop Music
The Beatles
Song
Album
Lyrics
Bands
Singers
Artist
Clip
Rock
Rap
Classical
Billboard
Country Music
Kpop
Taylor Swift
Random Quiz
Search Sporcle
×
Quiz Lab
Quiz Lab
Music
Album
Type in answers that appear in a list
Type in answers that appear in a list
Classic
Best Score? Go Orange.
Alt Rock Songs of the Summer of 1995 Stats
Can you name the Alt Rock Songs of the Summer of 1995?
By
popkiller
12m
38 Questions
1,774 Plays
1,774 Plays
1,774 Plays
Comments
Comments
Give Quiz Kudos
Give Quiz Kudos
-
- Ratings
hide this ad
Replay
Link that replays current quiz
Next Quiz
Link to next quiz in quiz playlist
You Got
0%
They Got
Avg Score
32%
Avg Friend Score
Upgrade to see
Score Distribution
Jump to the score distribution portion of the page
Score
0/38
Timer
12:00
1
Play Today
Song
Artist
% Correct
You Oughta Know
Alanis Morissette
88.2%
Kiss From a Rose
Seal
85.3%
Say It Ain't So
Weezer
72.3%
Hold Me, Thrill Me, Kiss Me, Kill Me
U2
69.7%
Comedown
Bush
66.6%
All Over You
Live
60.1%
Hey Man, Nice Shot
Filter
57.5%
Run-
Around
Blues Traveler
55.1%
This is a Call
Foo Fighters
55%
Tomorrow
Silverchair
53.2%
Wynona's Big Brown Beaver
Primus
52.5%
Possum Kingdom
The Toadies
52.1%
Good
Better Than Ezra
49.7%
In the Blood
Better Than Ezra
49.7%
December
Collective Soul
45.7%
J.A.R.
Green Day
38.1%
Misery
Soul Asylum
34.4%
Sick of Myself
Matthew Sweet
25.5%
We're the Same
Matthew Sweet
25.5%
Song
Artist
% Correct
Stars
Hum
22.7%
Vow
Garbage
22.1%
I Got a Girl
Tripping Daisy
21.3%
All Hail Me
Veruca Salt
19.1%
Stutter
Elastica
15.5%
I Don't Want to Grow Up
The Ramones
13.2%
Can't Wait One Minute More
CIV
8.3%
Need You Around
Smoking Popes
7.1%
Bad Days
Flaming Lips
6.9%
Hell of a Hat
Mighty Mighty Bosstones
6.4%
Sleep Well Tonight
Gene
6.4%
Sweet '69
Babes In Toyland
6%
Waydown
Catherine Wheel
5.3%
Fireman
Jawbreaker
5.1%
He's Kissing Christian
that dog.
5%
Summer
Buffalo Tom
4.3%
Better Than Nothing
Jennifer Trynin
3.8%
Weird Out
Dandelion
3%
Barrier
China Drum
1.3%
Quiz Playlist
Details
Report
Send in Message
Add To Playlist
Classic:
Type in answers that appear in a list
Last Updated: Jul 31, 2017
Quiz Scoreboard
CHALLENGE
Sign Up to Join the Scoreboard
Show All
Scores
Hide
Comments
May contain spoilers
Recently Published
Image Sorting: Flags VI
by Barbecue
Geography
2m
Find the 'City' Movie
by crazypaving
Movies
60s
Colored Red Africa Blitz
by spor1
Geography
45s
More to Explore
Quiz From the Vault
Featured Blog Post
14 Easter Pick-up Lines to Find Eggs With
hide this ad
You Might Also Like...
Tags
Album Quiz
Artist Quiz
Rock Quiz
Song Quiz
1995
alt
Alt Rock
Summer
Today's Top Quizzes in Music
Browse Music
hide this ad
Today's Top Quizzes in Album
Browse Album
Top Contributed Quizzes in Music
1
5X2 Blitz: Bands II
2
5X2 Blitz: The Beatles
3
Taylor Swift All Songs (2024)
4
5X2 Blitz: Billboard
5
5X2 Blitz: Billboard II
6
5X2 Blitz: Album
7
5X2 Blitz: Rock
8
5X2 Blitz: Singers
9
Taylor Swift Logic Puzzle II
10
5X2 Blitz: Lyrics
Explore More
Trending Topics
Harry Potter
Kpop
Anime
Disney
Marvel
Crossword
NBA
NFL
WWE
Country
Pokémon
Puzzle
Soccer
The Office
Song
hide this ad
More By:
popkiller
Quiz
Plays
Rating
Category
Featured
Created
Origins of 20 Alternative Band Names
35,990
4.78
Music
Feb 27, 2015
Lesser Known Bands (1990s)
20,613
4.47
Music
Sep 10, 2013
10 to 1 Countdown: 90s Alt Rock Edition
5,353
4.13
Music
Jun 27, 2014
Origins of 25 Alternative Band Names 2
4,658
4.59
Music
Mar 16, 2015
12 to 1 Countdown: Star Wars Edition
4,299
4.74
Movies
Dec 17, 2015
Go to Creator's Profile
Score Distribution
Quiz Creator Spotlight
popkiller
Follow
Send a Message
Quizzes Created
-
Created Quiz Play Count
-
More By This Creator
Popular Quizzes Today
1
Colored Red Africa Blitz
2
Find the US States - No Outlines Minefield
3
Find the 'City' Movie
4
5x2 Blitz: Bands
5
The Countries of the World
6
Find the US States
7
Find the Countries of Europe - No Outlines Minefield
8
US States
More Music Quizzes
Odd One Out: Rock Bands
Published
Trending Quizzes
Colored Red Europe Blitz I
Colored Red Europe Blitz II
Colored Red Africa Blitz II
Colored Red Europe Blitz III
Colored Red Africa Blitz III
Recently Updated
How Do You Spell That?
pecheneg
Godzilla Movies
pecheneg
Grab Bag: 4-10 Letters
pecheneg
2024 March Madness Bracket
pecheneg
Famous TV Couples
Peacemaker
Champions League XIs: Real Madrid
pecheneg
Largest US Cities 1790-2010
pecheneg
Rides in Walt Disney World
pecheneg
Most Oscar Losses (Acting)
pecheneg
Beyoncé Albums
pecheneg
Trending Topics
Marvel
Disney
NBA
Kpop
Anime
Crossword
Harry Potter
Country
Soccer
The Office
NFL
Puzzle
WWE
Pokémon
Song
Your Account Isn't Verified!
In order to create a playlist on Sporcle, you need to verify the email address you used during registration. Go to your
Sporcle Settings
to finish the process.
Report this User
Report this user for behavior that violates our
Community Guidelines
.
Details:
Send Report
Go to the Sporcle.com Mobile Site →
Comments